Petit Bac - Fleurs - Statistiques

Statistiques générales
  • Ce quiz a été pris 2 457 fois
    2 282 depuis la dernière actualisation
  • Le résultat moyen est 12 sur 22
Statistiques - réponses
Lettre Fleurs % Correct
R Raiponce / Ramonde / Ravenelle / Reichardie-de-Tanger / Reine-des-bois / Reine-des-prés / Renoncule / Renouée / Réséda / Rhagadiole / Rhapontique / Rhinanthe / Rhodalsine / Rhododendron / Romulée / Rose / Rose / Ruine-de-Rome
95%
T Tabac / Tanaisie / Tête-de-dragon / Tibouchine-du-Brésil / Tofieldie / Torilis / Tournesol / Tubéreuse / Tulipe / Tussilage
88%
L Laiteron / Lamarcki-dorée / Lampistrelle / Lamier / Lathrée / Lavande / Lavatère / Leucanthème / Leuzée / Lilas / Limodore / Limodium / Lin / Liondent-des-éboulis / Liseron / Lobélie / Lotier / Lotus / Lunaire / Lupin / Luzerne / Luzule / Lychnis / Lycium / Lys / Lysimaque
83%
M Magnolia / Mahonia / Maïanthème / Malcolmie / Marguerite / Marjolaine / Massette / Matricaire / Matthiole / Mauve / Méconopsis / Mélampyre / Mélilot / Mélisse / Mélitte / Micromeria / Millepertuis / Millepertuis / Mimosa / Mimule / Minuartie / Misopate / Molène / Moloposperme-du-Péloponnèse / Monotrope/ Moricandie / Mouron / Muflier / Muguet / Muscari / Myosotis
82%
P Pallenis/ Panicaut / Pâquerette/ Parisette / Parnassie / Paronyque / Pas-d'Âne / Passerage / Passerine / Passiflore / Patience / Pavot / Pédiculaire / Pensée / Perce-neige / Pervenche / Pétunia / Phacélie / Phalangère / Phlomis-pourpre / Phytolacca acinos / Picride / Pied-d'alouette / Pied-de-chat / Pied-de-poule / Pigamon / Piloselle / Pin-noir-d'Autriche / Pissenlit / Pivoine / Plantain / Platanthère / Plumets-de-chardons / Pois de senteur / Polygala / Polygale / Populage-des-marais / Potentille / Primevère / Pseudorchis / Pulicaire-dysentérique / Pulmonaire / Pulsatille / Pyrole
82%
C Calament / Calendula / Calicotome / Calla / Callune / Camélia / Camérisier / Camomille / Campanule / Câprie / Capucine / Cardamine / Cardère / Cardinale / Cardoncelle / Carillon / Carline / Carotte / Carraluma / Carrichtère / Catananche / Centaurée / Centaurée / Céphalanthère / Céraiste / Cerfeuil / Chardon / Chélidoine / Chenillette / Chèvrefeuille / Chicorée / Chrysanthème/ Circée / Cistanche / Ciste / Clématite / Colchique / Colza / Compagnon rouge / Coquelicot / Coquelourde / Coris / Cornouiller / Coronille / Corydale / Cosentinia / Coucou / Courroie-de-Saint-Jean / Couscouil / Crapaudine / Crépide / Crocus / Croisette / Crupina / Cumin / Cyclamen / Cynoglosse / Cynomorium / Cytinet / Cytise
81%
J Jacinthe / Jarosse / Jasione / Jasmin / Joli-bois / Jonc / Jonquille / Joubarbe
81%
I Ibéris / Immortelle / Inule-conyze / Iris
69%
O Odontite / Oeillet / Oiseau-de-paradis / Onagre / Ononis / Onopordon / Ophioglosse / Ophrys / Orchidée / Orchis / Orlaya / Ornithogale / Orobranche / Orpin / Oursin-bleu / Oxalis / Oxytropis
62%
H Hédipnoïs / Hélianthème / Hellébore / Hépatique / Heuchère / Hibiscus / Hippocrépide / Hippocrepis Homme-pendu / Horminelle-des-Pyrénées / Hortensia / Hutchinsie-des-alpes / Hysope
61%
A Absinthe / Abutilon / Acanthe / Achanie / Achillée / Acoce / Aconit / Adénostyles / Adonis / Aéthionéma / Agapanthe / Aigremoine / Ail / Allium / Aizoon / Ajonc / Alchémille / Alise / Alliaire / Aloès / Alysson / Amaryllis / Amélanchier / Amourette / Anacycle / Ancolie / Androsace / Andryale / Anémone / Angélique / Anthémis / Anthrisque / Anthyllide / Anthyllide / Anthyllis / Aphyllanthe / Arabette / Argyrolobe / Arisarum / Aristoloche / Arméria maritime /Arnica des montagnes / Arnoséris / Arum / Asarine couchée / Asperge / Aspérule / Asphodèle / Asplénium / Aster / Astérolide / Astragale / Astrance / Aubriète / Azalée
60%
D Dactyle / Dactylorchis / Dahlia / Dame-d'onze-heures / Daphné / Dauphinelle / Désespoir-du-peintre / Digitale / Dipcadi / Diplotaxis / Dompte-venin / Dorine / Doronic / Dracocéphale / Droséra / Dryade
57%
V Valériane / Vélar / Verge d'or / Vergerette / Véronique / Verveine / Vesce / Violette / Viperince / Volutaire
56%
N Narcisse / Nenuphar / Néotine / Néottie-nid-d'oiseau / Nigelle / Nigritelle / Nombril-de-Vénus / Nonnée / Notoceras
55%
B Badasse / Baguenaudier / Ballote / Balsamine / Barbarée / Barbe-de-bouc / Bartsie-des-Alpes / Bec-de-grue / Bégonia / Belladone / Benoite / Bérardie-laineuse / Berce-des-prés / Bétoine /Biscutelle / Bistorte / Bleuet / Botryche / Bourrache / Boutons-d'or / Brunelle / Bruyère / Bryone / Bugle / Buglose / Bugrane / Buphtalme / Buplèvre / Busserole
54%
G Gagée-de-Durieu / Gaillet / Galéopsis / Galle / Garance / Genêt / Gentiane / Géranium / Germandrée Gesse / Giroflée / Glaïeul / Glaucière/ Globulaire / Gnaphale-en-épi / Goue / Grassette / Grebera / Grémil / Gueule-de-loup
48%
E Echinops / Edelweiss / Eglantier / Églantine / Epervière / Epiaire / Epilobe / Epipactis / Erine / Erodium / Erythrone / Esparcette / Etoile-de-noël / Eupatoire / Euphorbe / Euphraise / Euzomodendron
40%
S Sabline / Sainfoin / Sanve / Saponaire / Sarrazine / Sarriette / Sauge / Saxifrage / Scabieuse / Sceau-de-Salomon / Scille / Scléranthe / Scophulaire / Scorsonère / Scrophulaire / Scutellaire / Séneçon / Sénevé / Sérapias / Serratule / Séséli / Sideritis-de-Cabo-de-Gata / Silène / Sisymbre / Smyrnium / Soldanelle / Solidage / Souchet-des-dunes / Souci / Soude / Sparte / Spirée / Statice / Stellaire / Streptope / Succise-des-prés / Sureau-Yèble / Swertie
31%
Z Zantedeschia / Zephyranthes / Zinnia / Zygopetalum
10%
F Fagonie / Férule / Ficaire / Ficoïde / Figuier-de-barbarie / Filipendule / Flambe-d'eau / Forsskaolée / Frankénie / Freesia / Fritillaire / Fumana / Fumeterre
9%
K Kalanchoë / Kalmie / Knautie
6%
Y Ylang-ylang
6%
Aucun quiz correspondant
Distribution des résultats
% des personnes avec chaque résultat
Percentile par nombre de réponses
Votre historique - résultats
Vous n’avez pas pris ce quiz depuis la dernière actualisation